Responsive leadership in social services a practical approach for optimizing engagement and performance

Guardat en:
Dades bibliogràfiques
Autor principal: De Groot, Stephen G
Format: Llibre
Idioma:anglès
Publicat: : SAGE, 2016
Etiquetes: Afegir etiqueta
Sense etiquetes, Sigues el primer a etiquetar aquest registre!

MARC

LEADER 00000nam a22000007a 4500
008 230113b |||||||| |||| 00| 0 eng d
020 |a 9781452291543 
100 |a De Groot, Stephen G 
245 |a Responsive leadership in social services   |b a practical approach for optimizing engagement and performance  |c Stephen de Groot,  |g xx, 245 pages 
260 |b  : SAGE,  |c  2016  |h Los Angeles  |i 699373  |l HV40 .D34  |m Social work administration.  |m Social service 
500 |a Includes bibliographical references and index. 
942 |a lcc  |c BK  |e Adeyeye Y. S.  |f 13-01-2023 
952 |0 0  |1 0  |2 lcc  |4 0  |6 HV0040 D34  |7 0  |9 4146  |a HOL  |b HOL  |d 2023-01-13  |l 0  |o HV 40 .D34  |p 2023-0077  |r 2023-01-13 00:00:00  |w 2023-01-13  |y BK 
999 |c 2075  |d 2075